00456nam a2200145Ia 4500041001200000082001200012100002200024245010700046260006600153300000900219650001400228650001300242650003800255700001700293 aEnglish aRM.0367 aMehta, DeepauBHU 0aPrevalence of violence in higher secondary schools :ba study of its nature and status / cDeepa Mehta aNew Delhi :bIndian Council of Social Science Research,c2016 av.p. aEducation aviolence aSecondary Education: High schools aGardia, Alok